000 01626nam0a2200373 4500
001 RU\NLR\BIBL_A\011368770
005 20250626053557.0
010 _a978-5-209-07819-7
_9500
021 _aRU
_b2017-19638
_91446
035 _a(RuMoRGB)008828021
035 _a(NLR Aleph) 011368770
090 _a11338773
_c11338773
100 _a20170417d2017 |||y0rusy50 ca
101 0 _aeng
102 _aRU
105 _aa j 000zy
200 1 _aIntroduction to bioelementology
_etextbook
_f[А.В. Скальный и др.]
_gedited by Prof. Anatoly V. Skalny
210 _aMoscow
_cPeoples' friendship university of Russia
_d2017
215 _a253 с.
_cил., цв. ил.
_d21
300 _aВ вып. дан.: Введение в биоэлементологию / Анатолий Викторович Скальный и др.
320 _aБиблиогр.: с. 242-253
517 1 _aВведение в биоэлементологию
606 1 _aМинеральный обмен
_jУчебные издания для высших учебных заведений
_91176062
_3RU\NLR\AUTH\66154961
606 1 _aМинеральный обмен
_jУчебные издания для высших учебных заведений
_xНарушения
_91141471
_3RU\NLR\AUTH\66454462
686 _aЕ902.52я73-1
_2rubbk
686 _aР252.656.2я73-1
_2rubbk
686 1 _aЕ902.520я73
686 1 _aР252.656.2я73
686 1 _aР415.202.9я73
702 1 _aSkal'nyj
_bA.V.
_f1962-
_gAnatolij Viktorovič
_4220
_4340
942 _cBOOK
980 _aNB